000 00703nam a2200145 a 4500
008 120416s1975 ||||||||||||||||| || u
050 _aTS 155.A2 Buf
100 _aBuffa, Elwood Spencer, 1923-
245 1 0 _aModern production management: a short course in managing day-to-day operations
260 _aNew York
_bJohn Wiley and Sons
_c1975
300 _aiv, 279p. : ill.
350 _a0.00
995 _aBINDERY (DAMAGED)
_D0.00
_e706137
_FCBU-MAIN LIBRARY (Kitwe)
_H2
_I0.00
_jTS 155.A2 Buf
_M1
_UDAMAGED
_y015902
_ZMain Library Open Access Collection
995 _aMAIN LIBRARY OPEN ACCESS
_D0.00
_e015903
_FCBU-MAIN LIBRARY (Kitwe)
_H1
_I0.00
_jTS 155.A2 Buf
_M2
_UAVAILABLE
_y015903
_ZMain Library Open Access Collection
999 _c77607
_d77607